guess the capital (difficult edition) - Statistics

General Stats
  • This quiz has been taken 34 times
    20 since last reset
  • The average score is 13 of 15
Answer Stats
Hint Answer % Correct
Andorra Andorra la Vella
100%
Belize Belmopan
94%
Bahamas Nassau
94%
Myanmar Naypyidaw
94%
Latvia Riga
94%
Fiji Suva
94%
Georgia Tbilisi
94%
Liechtenstein Vaduz
94%
East Timor Dili
88%
Bhutan Thimphu
88%
Seychelles Victoria
88%
Mauritius Port Louis
81%
Nauru Yaren
81%
Barbados Bridgetown
75%
St Vincent and the Grenadines Kingstown
69%
No matching quizzes found
Score Distribution
Percent of People with Each Score
Percentile by Number Answered
Your Score History
You have not taken this quiz since the last reset